000 00986nab a2200217 i 4500
001 190386
003 ES-MaACL
005 20250704062551.0
008 210120s1996 sp 000 0 spa d
100 1 _aMallo, Tomás
_975818
245 1 3 _aEl impacto del 98 en América y Europa :
_bética y política a finales del siglo XIX : el Ateneo de Madrid ante el 98 /
_cTomás Mallo Gutiérrez.
610 2 4 _aAteneo de Madrid-
_vHistoria
_91925
651 4 _aEspaña-
_xHistoria-
_y1898
_98272
710 2 _aFundación Gustavo Bueno.
_9227011
740 3 2 _aEl Ateneo de Madrid ante el 98.
773 0 _w(SpMaBN)193439
_0(SpMaBN)193439
_92854
_tEl Basilisco : revista de filosofía, ciencias humanas, teoría de la ciencia y de la cultura,
_dOviedo : Fundación Gustavo Bueno,
_xISSN 0210-0088,
_g1996, n. 21, p. 49-51
856 _uhttps://filosofia.org/rev/bas/bas22119.htm
_yTexto completo
942 _cANAB
_2udc
999 _c190386
_d190386